书目信息 |
| 题名: |
小学生品德发展与道德教育
|
|
| 作者: | 刘慧 , 李敏, 著 | |
| 分册: | ||
| 出版信息: | 北京 高等教育出版社 2021.06 |
|
| 页数: | 257页 | |
| 开本: | 26cm | |
| 丛书名: | 《教师教育课程标准 (试行) 》教材大系 | |
| 单 册: | ||
| 中图分类: | G623.152 | |
| 科图分类: | ||
| 主题词: | 思想品德课--si xiang pin de ke--教学研究--小学--师资培训--教材 | |
| 电子资源: | ||
| ISBN: | 978-7-04-042496-6 | |
| 000 | 01581nam 2200325 450 | |
| 001 | 012001003444 | |
| 005 | 20141205101821.0 | |
| 010 | @a978-7-04-042496-6@dCNY34.00 | |
| 099 | @aCAL 012016012294 | |
| 100 | @a20220905d2015 em y0chiy50 ea | |
| 101 | 0 | @achi |
| 102 | @aCN@b110000 | |
| 105 | @aak z 000yy | |
| 106 | @ar | |
| 200 | 1 | @a小学生品德发展与道德教育@Axiao xue sheng pin de fa zhan yu dao de jiao yu@f刘慧, 李敏等著 |
| 210 | @a北京@c高等教育出版社@d2021.06 | |
| 215 | @a257页@c图@d26cm | |
| 225 | 2 | @a《教师教育课程标准 (试行) 》教材大系@A《 jiao shi jiao yu ke cheng biao zhun ( shi xing ) 》 jiao cai da xi |
| 225 | 2 | @a教师教育国家级精品资源共享课配套教材@AJiao Shi Jiao Yu Guo Jia Ji Jing Pin Zi Yuan Gong Xiang Ke Pei Tao Jiao Cai |
| 225 | 2 | @a小学教师培养课程模块@Axiao xue jiao shi pei yang ke cheng mo kuai@i心理健康与道德教育 |
| 330 | @a本书从理论与实践两个维度,介绍了品德发展与道德教育的概念与基础、小学生品德发展一般规律与特点、小学生品德发展与道德教育的基本内容、小学生品德发展评价,并深度挖掘关系、课堂、活动、环境四大维度所蕴含的道德教育功能,着重阐述它们对小学生品德发展的影响机制,提出具体的操作建议。 | |
| 410 | 0 | @12001 @a《教师教育课程标准 (试行) 》教材大系 |
| 410 | 0 | @12001 @a教师教育国家级精品资源共享课配套教材 |
| 410 | 0 | @12001 @a小学教师培养课程模块@i心理健康与道德教育 |
| 606 | 0 | @a思想品德课@Asi xiang pin de ke@x教学研究@x小学@x师资培训@j教材 |
| 690 | @aG623.152@v5 | |
| 701 | 0 | @a刘慧@Aliu hui@4著 |
| 701 | 0 | @a李敏,@Ali min@f1963-@4著 |
| 801 | 0 | @aCN@bAHXH@c20221111 |
| 905 | @b1377845-9@dG623.152@e2902@f5 | |
| 小学生品德发展与道德教育/刘慧, 李敏等著.-北京:高等教育出版社,2021.06 |
| 257页:图;26cm.-(《教师教育课程标准 (试行) 》教材大系).-(教师教育国家级精品资源共享课配套教材).-(小学教师培养课程模块.心理健康与道德教育) |
| ISBN 978-7-04-042496-6:CNY34.00 |
| 本书从理论与实践两个维度,介绍了品德发展与道德教育的概念与基础、小学生品德发展一般规律与特点、小学生品德发展与道德教育的基本内容、小学生品德发展评价,并深度挖掘关系、课堂、活动、环境四大维度所蕴含的道德教育功能,着重阐述它们对小学生品德发展的影响机制,提出具体的操作建议。 |
| ● |
| 相关链接 |
|
|
|
|
正题名:小学生品德发展与道德教育
索取号:G623.152/2902
 
预约/预借
| 序号 | 登录号 | 条形码 | 馆藏地/架位号 | 状态 | 备注 |
| 1 | 1377845 | 213778456 | 第一样本阅览室/ [索取号:G623.152/2902] | 在馆 | |
| 2 | 1377846 | 213778465 | 教育系资料室/ [索取号:G623.152/2902] | 在馆 | |
| 3 | 1377847 | 213778474 | 教育系资料室/ [索取号:G623.152/2902] | 在馆 | |
| 4 | 1377848 | 213778483 | 第四借阅区/ [索取号:G623.152/2902] | 在馆 | |
| 5 | 1377849 | 213778492 | 第四借阅区/ [索取号:G623.152/2902] | 在馆 |